000
00319nam a22001457a 4500
008
221006b ||||| |||| 00| 0 eng d
020
_a
0673994848
041
_a
eng
080
_a
573
082
_a
573 TOR
100
_a
16.1
101
_a
BIO
245
_a
ATLAS OF THE HUMAN SKELETON
_c
TORTORA G
942
_2
udc
_c
BK
999
_c
58398
_d
58398